000 00682nam a2200193Ii 4500
003 JO-AjNU
008 230605s9999||||xx |||||||||||||| ||und||
040 _aJO-AjNU
_bara
_erda
_cJO-AjNU
041 _aara
050 1 4 _aHF5681 .D4254 1982
100 3 _aضيف، خيرت,
_eauthor
_952885
245 0 0 _aالمحاسبة الضريبية : دراسة مقارنة
264 3 1 _aبيروت: دار النهضة العربية ، 1982
300 _a444ص
_bيحتوي على ببلوغرافية من 435-444ص
336 _atext
_btxt
_2rdacontent
337 _aunmediated
_bn
_2rdamedia
338 _avolume
_bnc
_2rdacarrier
650 4 _aالمحاسبة الضريبية
_952886
999 _aA23453
_c27021
_d27021